Zákon č. 222/2004 Z.z. zo 6. apríla 2004 o dani z pridanej hodnoty
Nový zákon o DPH a Dôvodová správa k tomuto zákonu + Opatrenia MF SR č. 276/2004 Z.z. z 28. apríla 2004, ktorým sa ustanovuje vzor súhrnného výkazu k DPH.
Salvato in:
| Natura: | Capitolo di libro |
|---|---|
| Lingua: | slovacco |
| Soggetti: | |
| Tags: |
Nessun Tag, puoi essere il primo ad aggiungerne!!
|
MARC
| LEADER | 00000naa$a2200000$$$4500 | ||
|---|---|---|---|
| 001 | 0012053 | ||
| 005 | 20231106070130.0 | ||
| 041 | 0 | |a slo | |
| 044 | |a SK | ||
| 245 | 1 | 0 | |a Zákon č. 222/2004 Z.z. zo 6. apríla 2004 o dani z pridanej hodnoty |
| 520 | |a Nový zákon o DPH a Dôvodová správa k tomuto zákonu + Opatrenia MF SR č. 276/2004 Z.z. z 28. apríla 2004, ktorým sa ustanovuje vzor súhrnného výkazu k DPH. | ||
| 610 | 2 | 0 | |a dane z hodnoty pridanej |
| 610 | 2 | 0 | |a zákony |
| 610 | 2 | 0 | |a Slovensko |
| 610 | 2 | 0 | |a 2004 |